00934 2200337 4500001002100000005001500021035002000036007000300056040001700059100002500076245006100101250001400162300003400176504002400210020001800234041000800252082001200260084001800272090002500290264003700315336002100352337003000373338002300403500002800426650001700454700003000471850001000501008004100511990002200552990002200574INLIS00000000000733620260602032716 a0010-0822000310ta aSBPUPADbind0 aBoentartoePengarang1 aMerawat dan Memperbaiki Chasis Sepeda Motor /cBoentarto a.- cet. 1 ax, 101 hlm :bilus ;c20,5 cm aBibliografi, hlm 99 a979-8955-25-007aind a629.227 a629.227 BOE m a629.227 BOE m L 20-5 a.--Jakarta :bPuspa Swara,c1997 2rdacontentateks 2rdamediaatanpa perantara 2rdacarrieravolume aTentang Penulis, Hlm 98 4aTeknik Mesin0 aEditor, TanudiePengarang aPUPAD260602 0  a2283/H/ARPUS/2007 a2282/H/ARPUS/2007